|
|
|
|
| LEADER |
00569cam a2200181 7i4500 |
| 001 |
0000005895 |
| 005 |
19991025090000.0 |
| 002 |
##000007542 |
| 020 |
0 |
0 |
|a 92-64-14482-X
|
| 090 |
0 |
0 |
|a ASEA 320.6
|b ORG
|
| 110 |
0 |
0 |
|a Organisation for Economic Co-operation and Development (OECD)
|
| 245 |
1 |
0 |
|a OECD and Asean economies :
|b the challenge of policy coherence.
|
| 260 |
0 |
0 |
|a Paris:
|b OECD,
|c 1995.
|
| 300 |
0 |
0 |
|a 235 p..
|
| 650 |
0 |
0 |
|a Policy science --
|z Asean
|
| 650 |
0 |
0 |
|a Policy science --
|z OECD
|
| 651 |
0 |
0 |
|a Asean
|
| 999 |
|
|
|a 0000006493
|b Book
|c Open shelf
|e Business Information Centre
|